Southeast Asian Countries by Picture - Statistics

General Stats
  • This quiz has been taken 114 times
  • The average score is 8 of 11
Answer Stats
Picture Answer % Correct
Thailand
90%
Vietnam
88%
Singapore
82%
Malaysia
74%
Brunei
73%
Indonesia
69%
Laos
69%
Philippines
69%
Myanmar
68%
Cambodia
61%
East Timor
56%
No matching quizzes found
Score Distribution
Percent of People with Each Score
Percentile by Number Answered
Your Score History
You have not taken this quiz